| 000 | 01447cab a2200265 4500 | ||
|---|---|---|---|
| 001 | ABS68686 | ||
| 008 | 050124n2004 000 0 eng u | ||
| 035 | _a(Sirsi) u128571 | ||
| 100 | _aReid, C. | ||
| 245 | _aNature Conservation (Scotland) Act 2004 | ||
| 260 | _c2004 | ||
| 490 |
_aScottish Planning and Environmental Law _v(106) December 2004, 135-13(3) |
||
| 520 | _aExamines the provisions of the Nature Conservation (Scotland) Act 2004. The Act introduces an obligation on local authorities to further the conservation of biodiversity, makes major changes to the effect of land being designated as a Site of Special Scientific Interest and many detailed changes to the law on species protection. Concludes that the Act offers stronger wildlife protection but clearer obligations, more tightly focused regulation and rights of appeal for affected parties. The Act is available at www.scotland-legislation.hmso.gov.uk. | ||
| 590 | _aABS | ||
| 650 | _aNATURE CONSERVATION (SCOTLAND) ACT 2004 | ||
| 650 | _aNATURAL HERITAGE (SCOTLAND) ACT 1991 | ||
| 650 | _aWILDLIFE AND COUNTRYSIDE ACT 1981 | ||
| 650 | _aSCOTLAND | ||
| 650 | _aENVIRONMENTAL MANAGEMENT | ||
| 650 | _aBIODIVERSITY | ||
| 650 | _aSITES OF SPECIAL SCIENTIFIC INTEREST | ||
| 690 | _aRURAL-NATURE CONSERVATION | ||
| 856 |
_uhttps://www.scotland-legislation.hmso.gov.uk/legislation/scotland/acts2004/20040006.htm _zView the Act on the HMSO website... |
||
| 942 | _n0 | ||
| 999 |
_c74735 _d74735 |
||